Survey of Econ (Record no. 2074)

MARC details
005 - DATE AND TIME OF LATEST TRANSACTION
control field 20250507091056.0
020 ## - INTERNATIONAL STANDARD BOOK NUMBER
International Standard Book Number 0-538-47809-8
082 ## - DEWEY DECIMAL CLASSIFICATION NUMBER
Classification number LECT 330 SEX
100 ## - MAIN ENTRY--PERSONAL NAME
Author name SEXTON, R. L.
245 ## - TITLE STATEMENT
Title Survey of Econ
260 ## - PUBLICATION, DISTRIBUTION, ETC.
Place of publication, distribution, etc. Canada,
Name of publisher, distributor, etc. South Western, Cengage Learning,
Date of publication, distribution, etc. 2012.
300 ## - PHYSICAL DESCRIPTION
Extent xi, 406p.: ill.; graph, picture, table.
Other physical details Index.
Dimensions 27cm.
942 ## - ADDED ENTRY ELEMENTS (KOHA)
Source of classification or shelving scheme Dewey Decimal Classification
Koha item type Books
Holdings
Date last seen Total checkouts Full call number Barcode Price effective from Koha item type Lost status Source of classification or shelving scheme Damaged status Not for loan Withdrawn status Home library Current library Shelving location Date acquired Cost, normal purchase price
05/07/2025   LECT 330 SEX 0000007935 05/07/2025 Books   Dewey Decimal Classification       College of Business Education Main Library College of Business Education Main Library General Collection 11/28/2014 95920.00
05/07/2025   LECT 330 SEX 0000007936 05/07/2025 Books   Dewey Decimal Classification       College of Business Education Main Library College of Business Education Main Library General Collection 11/28/2014 95920.00